000 01262cam a22003497a 4500
003 CHAP
005 20220329141826.0
008 971118d1997 mx a r 00110 spa d
010 _a74424
011 _a75396
035 _a84958
040 _cCHAP
090 _aTesis
100 0 0 _aSalas Herrera, Amando.
_9101308
245 1 0 _aEvaluación agrotécnica de la sembradora unitaria manual modelo SM-1
_c/por Amando Salas Herrera y Martín Valencia Peña
260 _aChapingo, Méx. :
_bEl autor,
_c1997.
300 _a116 h. :
_bilus. ; gráfs.
502 _aTesis (Ing. Mecánico Agrícola) -- UACH. Departamento de Ingeniería Mecánica Agrícola
590 _aALEPH
_b10
_c20130110
_lUCH01
_h1419
590 _aBATCH-UPD
_b10
_c20130110
_lUCH01
_h0504
590 _aBATCH-UPD
_b10
_c20130410
_lUCH01
_h0142
590 _aBATCH-UPD
_b10
_c20130914
_lUCH01
_h1757
590 _aCONVERSION
_b10
_c20130109
_lUCH01
_h1341
650 1 4 _aMaquinaria agrícola
_xFabricación y comercio.
_971172
650 1 4 _aSembradoras.
_9103854
700 0 _aValencia Peña, Martín.
_9117431
901 _aBK
905 _aGuadalupe Pinto C.
942 _cFOLL
949 _bBC
_cTES
_d33724000636304
_eTS2
_fc.2
_h31420
_i84958
_sb
949 _bBC
_cTES
_d849581
_eTS1
_h31419
_i84958
_sb
999 _c74424
_d74424